01407nab a22002417a 4500003000400000005001700004008004100021040000700062100002400069245015700093260007300250300001500323500007500338505025400413505014100667505008900808650003200897650002500929650002900954650002300983650002301006773013601029OSt20260131212517.0190603e xxum|||| |||| 00| 0 spa d cPJ aBalanesi, Marianela13aEl cuidado como horizonte bioético del ejercicio profesional responsable :breflexiones a partir de un fallo judicial reciente /cMarianela Balanesi.  cCiudad Autónoma de Buenos Aires :aThomson Reuters La Ley, b2025. ap. 354-360 aCita: TR LALEY AR/DOC/2796/2025 Publicado en: RCCyC 2025 (Diciembre). aSumario: I. Introducción.— II. El fallo.— III. El consentimiento informado.— IV. La medicina defensiva y su impacto en la relación terapéutica.— V. Los aspectos "invisibles" del fallo.— VI. Recomendaciones y consideraciones finales.  aFallo comentado: CNCiv., sala A ~ 18/07/2025 ~ I., T. R. c. C. P. C. SA y otro s/ daños y perjuicios — resp. prof. médicos y aux. t¿Te interesa el texto completo? Solicitalo al correo: koha@justierradelfuego.gov.ar 0aRESPONSABILIDAD PROFESIONAL 0aDAÑOS Y PERJUICIOS 0aCONSENTIMIENTO INFORMADO 0aETICA PROFESIONAL  0aDERECHO A LA SALUD0 02713dCiudad Autónoma de Buenos Aires : Thomson Reuters La Ley, 2015-tRevista Código Civil y Comercial. Nº 6 - Diciembre 2025